| 000 -LEADER |
| fixed length control field |
01236nam a2200253Ia 4500 |
| 001 - CONTROL NUMBER |
| control field |
16228 |
| 003 - CONTROL NUMBER IDENTIFIER |
| control field |
GE_BSU |
| 008 - FIXED-LENGTH DATA ELEMENTS--GENERAL INFORMATION |
| fixed length control field |
181216s||||||||xx |||||||||||||| ||und|| |
| 020 ## - INTERNATIONAL STANDARD BOOK NUMBER |
| International Standard Book Number |
ISBN 978-9941-13-026-7 |
| 040 ## - CATALOGING SOURCE |
| Transcribing agency |
GE_BSU |
| 080 ## - UNIVERSAL DECIMAL CLASSIFICATION NUMBER |
| Universal Decimal Classification number |
821.353.109-1 |
| 100 ## - MAIN ENTRY--PERSONAL NAME |
| Personal name |
შარაბიძე, თამარ |
| 245 ## - TITLE STATEMENT |
| Title |
ქრისტიანული მოტივები XIX საუკუნის ქართველ კლასიკოსთა ლირიკაში |
| 245 ## - TITLE STATEMENT |
| Remainder of title |
დამხმ. სახელმძღვ. ჰუმანიტ. ფაკ. სტუდ. |
| 245 ## - TITLE STATEMENT |
| Statement of responsibility, etc. |
სამეცნ. რედ. ჯ. ჭუმბურიძე |
| 260 ## - PUBLICATION, DISTRIBUTION, ETC. |
| Place of publication, distribution, etc. |
თბილისი |
| 260 ## - PUBLICATION, DISTRIBUTION, ETC. |
| Name of publisher, distributor, etc. |
თბილ. უნ-ტის გამ-ბა, |
| 260 ## - PUBLICATION, DISTRIBUTION, ETC. |
| Date of publication, distribution, etc. |
2008 |
| 300 ## - PHYSICAL DESCRIPTION |
| Extent |
186გვ. 24სმ. |
| 653 ## - INDEX TERM--UNCONTROLLED |
| Uncontrolled term |
ალექსანდრე ჭავჭავაძე; გრიგოლ ორბელიანი; ნიკოლოზ ბარათაშვილი; ილია ჭავჭავაძე; აკაკი წერეთელი; ვაჟა-ფშაველ |
| 653 ## - INDEX TERM--UNCONTROLLED |
| Uncontrolled term |
ქართული ლიტერატურა |
| 942 ## - ADDED ENTRY ELEMENTS (KOHA) |
| Koha item type |
წიგნი |